000
00199nam a2200073Ia 4500
008
170524s9999 xx 000 0 und d
100
_a
BAUMOL- WILLAM J.
245
0
_a
ECONOMIC THEORY AND OPERATIONS ANALYSIS
260
_b
PHI NEW DELHI
999
_c
8433
_d
8433